000 01456nam a2200361 c 4500
999 _c192746
_d192746
003 BLK
005 20250201005445.0
008 180411b bul|||||r ||||||| ||bul||
010 _aKNG00201946000
040 _aBLK
041 _aBUL
_cBUL
072 7 _2bullib
_aА
_xФонд Михаил Арнаудов
080 _aБългарска литература
_b821.163.2
_x-8
_z821.163.2-8
100 1 _aВойников, Добри Попов
_eпърви автор
_9376508
139 _aВойников, Добри Попов
_bВ 80
245 1 0 _aИзбрани страници
_cДобри Попов Войников; предг. от Георги Константинов.
250 _a2. изд.
257 _aBGR
260 _bХемус
_c1943
_fСофия : Рангел Младенов
300 _a186 с.
_c19 см
380 _aX
490 _9396381
_aЧастна колекция - Академик Михаил Арнаудов
_gДарение - Основен фонд
500 _a1. изд. 1940. - Мека подв., неразрязана
659 _aА
700 _aКонстантинов, Георги
_gХристов, Георги Константинов
_9364908
852 _aМА 1677
856 4 _qpdf
856 4 _qpdf
942 _cKNG
_n0
_s1
944 _aCR
_c28.02.2017
_k
_lCRON CRON
944 _aED
_c28.02.2017
_kГеновева_Генчева
999 _d192746